| 000 | 00561nam a22002057a 4500 | ||
|---|---|---|---|
| 003 | OSt | ||
| 005 | 20231107145500.0 | ||
| 008 | 130305t xxu||||| |||| 00| 0 eng d | ||
| 020 | _a9781741106930 | ||
| 050 |
_aTR IB AG 243 _b.B811 2010 |
||
| 082 |
_aIB 031.02 _bB68 2010 |
||
| 100 | _aBradley, Pamela. | ||
| 245 |
_aGreat mysteries: _cBradley Pamela. _briddles of the natural and human world / |
||
| 260 |
_aChatswood: _bNew Holland, _cc2010. |
||
| 300 |
_a288 p.: _bill. ; _c25 cm. |
||
| 942 |
_2lcc _cBK |
||
| 999 |
_c1932 _d1932 |
||